Statistics for Chinese Airlines operating to South Korea

Click here to take the quiz!

General Stats

  • This quiz has been taken 14 times
  • The average score is 7 of 11

Answer Stats

Destinations from South KoreaAnswer% Correct
Beijing, Hangzhou, Chengdu, Nanjing…Air China
92%
Kunming, Shanghai, Qingdao, Weihai...China Eastern Airlines (Shanghai Airlines)
85%
Beijing, Guangzhou, Changchun, Shenyang...China Southern Airlines
85%
XiamenXiamenair
77%
QingdaoQingdao Airlines
69%
ShenzhenShenzhen Airlines
69%
TianjinTianjin Airlines
69%
Chengdu, Zhangjiajie.....Sichuan Airlines
62%
Shanghai, Yangzhou, Shijiazhuang(future)…Spring Airlines
38%
Qingdao, Yantai, Weihai, Jinan...Shandong Airlines
31%
QingdaoBeijing Capital Airlines
15%

Score Distribution

Percentile by Number Answered

Percent of People with Each Score

Your Score History

You have not taken this quiz